[Event "CZE-ch Seniors 50"]
[Site "Olomouc"]
[Date "2023.08.13"]
[Round "2"]
[White "Llopis de Aysa, Manuel"]
[Black "Pribyl, Rene"]
[Result "1/2-1/2"]
[WhiteElo "1995"]
[BlackElo "1901"]
[PlyCount "62"]
[EventDate "2023.08.12"]
[EventType "swiss"]
[EventRounds "9"]
[EventCountry "CZE"]
[SourceTitle "EXT 2024"]
[Source "ChessBase"]
[SourceDate "2023.10.10"]
[SourceVersion "1"]
[SourceVersionDate "2023.10.10"]
[SourceQuality "1"]

1. d4 d5 2. c4 c6 3. cxd5 cxd5 4. Bf4 Nc6 5. e3 Nf6 6. Nc3 e6 7. Bd3 Bd6 8. Bxd6 Qxd6 9. f4 a6 10. Nf3 Bd7 11. 0-0 0-0 12. Ne5 Rfe8 13. g4 g6 14. g5 Nh5 15. Be2 Ng7 16. Ng4 Kh8 17. Nf6 Rf8 18. Qe1 Nf5 19. Bd3 Nce7 20. Rf3 Kg7 21. Ng4 Rh8 22. Rh3 h6 23. gxh6+ Nxh6 24. Rxh6 Rxh6 25. Nxh6 Kxh6 26. Qf2 Kg7 27. Kh1 Rb8 28. Rc1 b5 29. Nb1 b4 30. Nd2 Bb5 31. Bb1 Rc8 1/2-1/2

[Event "CZE-ch Seniors 50"]
[Site "Olomouc"]
[Date "2023.08.13"]
[Round "3"]
[White "Pribyl, Rene"]
[Black "Kastner, Oldrich"]
[Result "0-1"]
[WhiteElo "1901"]
[BlackElo "2038"]
[PlyCount "140"]
[EventDate "2023.08.12"]
[EventType "swiss"]
[EventRounds "9"]
[EventCountry "CZE"]
[SourceTitle "EXT 2024"]
[Source "ChessBase"]
[SourceDate "2023.10.10"]
[SourceVersion "1"]
[SourceVersionDate "2023.10.10"]
[SourceQuality "1"]

1. d4 Nf6 2. c4 e6 3. Nc3 Bb4 4. Bd2 d5 5. e3 0-0 6. Nf3 Nbd7 7. a3 Bxc3 8. Bxc3 Ne4 9. Qc2 f5 10. Bd3 c6 11. b4 Qe8 12. Ne5 Nxe5 13. dxe5 Qg6 14. g3 Qh5 15. Bd4 Qf3 16. Rf1 Bd7 17. h4 a5 18. Rg1 axb4 19. axb4 Rxa1+ 20. Bxa1 Ra8 21. Bd4 Ra3 22. Bxe4 fxe4 23. c5 h5 24. Qb2 Rd3 25. Qe2 Qf7 26. Kf1 Qf3 27. Ke1 Be8 28. Qxf3 exf3 29. g4 hxg4 30. Rxg4 Rb3 31. e4 Rxb4 32. exd5 cxd5 33. Kd2 Bg6 34. Rf4 Bf5 35. Be3 Be4 36. Rg4 Kf7 37. Rf4+ Ke7 38. Rg4 g6 39. Kc3 Rc4+ 40. Kb2 Kd7 41. Rg1 Kc6 42. Rd1 Kb5 43. Rd2 Bf5 44. Bd4 Rb4+ 45. Kc3 Rb1 46. Be3 Rc1+ 47. Kb3 Rc4 48. Bd4 Bc2+ 49. Kb2 Kb4 50. Be3 Bf5 51. Bd4 Ka4 52. Ka2 Rb4 53. Rd1 Rb3 54. Be3 Bd3 55. Bd4 Bc4 56. Ka1 Rd3 57. Rxd3 Bxd3 58. Kb2 Kb4 59. Be3 Kc4 60. Bg5 Be4 61. Kc1 Kxc5 62. Be7+ Kd4 63. Bd6 Kc3 64. Ba3 d4 65. Bb2+ Kc4 66. Ba3 b5 67. Bd6 Kc3 68. Ba3 b4 69. Bb2+ Kc4 70. Kd2 Kd5 0-1

[Event "Stare Mesto op"]
[Site "Stare Mesto"]
[Date "2018.08.18"]
[Round "1"]
[White "Cerveny, Martin"]
[Black "Pribyl, Rene"]
[Result "1-0"]
[WhiteElo "2335"]
[BlackElo "1981"]
[PlyCount "59"]
[EventDate "2018.08.18"]
[EventType "swiss"]
[EventRounds "9"]
[EventCountry "CZE"]
[SourceTitle "CBM 186 Extra"]
[Source "ChessBase"]
[SourceDate "2018.08.24"]
[SourceVersion "1"]
[SourceVersionDate "2018.08.24"]
[SourceQuality "1"]

1. d4 d5 2. c4 e6 3. Nc3 Nf6 4. cxd5 exd5 5. Bg5 Be7 6. e3 c6 7. Bd3 0-0 8. Qc2 h6 9. Bh4 Nh5 10. Bxe7 Qxe7 11. Nge2 a5 12. 0-0 Bg4 13. Rae1 Nd7 14. Qd2 Qg5 15. f3 Bf5 16. h4 Qg6 17. e4 dxe4 18. fxe4 Be6 19. Nf4 Nxf4 20. Rxf4 Qh5 21. e5 Nb6 22. Ne4 Bg4 23. Ng3 Qxh4 24. Ree4 Qg5 25. Qf2 Be6 26. Nf5 Nd5 27. Rf3 Ne7 28. Nd6 Ng6 29. Rg3 Qh5 30. Be2 1-0

[Event "Brno Duras op-A"]
[Site "Brno"]
[Date "2012.06.24"]
[Round "3"]
[White "Danek, Daniel"]
[Black "Pribyl, Rene"]
[Result "1/2-1/2"]
[WhiteElo "1753"]
[BlackElo "2062"]
[PlyCount "105"]
[EventDate "2012.06.23"]
[EventType "tourn"]
[EventRounds "9"]
[EventCountry "CZE"]
[SourceTitle "CBM 149 Extra"]
[Source "ChessBase"]
[SourceDate "2012.08.24"]
[SourceVersion "1"]
[SourceVersionDate "2012.08.24"]
[SourceQuality "1"]

1. d4 d5 2. Nf3 Nf6 3. e3 Bg4 4. c4 e6 5. Qb3 Qc8 6. Ne5 c6 7. Nc3 Nbd7 8. Nxg4 Nxg4 9. Bd2 Be7 10. Rc1 Ngf6 11. Be2 0-0 12. 0-0 Nb6 13. c5 Nbd7 14. Qc2 e5 15. b4 a6 16. a4 Re8 17. Bd3 g6 18. b5 Nh5 19. bxa6 bxa6 20. a5 Bf6 21. dxe5 Bxe5 22. Na4 Qc7 23. h3 d4 24. Nb6 Ra7 25. Be2 Ng7 26. Bc4 Ne6 27. Bxe6 Rxe6 28. Rfd1 Nf6 29. exd4 Bxd4 30. Bc3 Bxc3 31. Qxc3 Qf4 32. Rd3 Rae7 33. Rf3 Qxc1+ 34. Qxc1 Re1+ 35. Qxe1 Rxe1+ 36. Kh2 Ne4 37. Nd7 Rc1 38. Nb8 Rxc5 39. Nxa6 Rxa5 40. Nb4 c5 41. Nd5 c4 42. Nf6+ Nxf6 43. Rxf6 Rc5 44. Rd6 c3 45. Rd1 f5 46. Kg3 Kf7 47. Kf4 Ke6 48. Ke3 g5 49. Rc1 Ke5 50. Kd3 Kf4 51. Rxc3 Rxc3+ 52. Kxc3 g4 53. hxg4 1/2-1/2

[Event "Brno Duras op-A"]
[Site "Brno"]
[Date "2011.06.28"]
[Round "5"]
[White "Pribyl, Rene"]
[Black "Sikora, Lukas"]
[Result "1-0"]
[WhiteElo "2020"]
[BlackElo "1931"]
[PlyCount "77"]
[EventDate "2011.06.25"]
[EventType "swiss"]
[EventRounds "9"]
[EventCountry "CZE"]
[SourceTitle "CBM 143 Extra"]
[Source "ChessBase"]
[SourceDate "2011.08.29"]
[SourceVersion "1"]
[SourceVersionDate "2011.08.29"]
[SourceQuality "1"]

1. d4 Nf6 2. c4 g6 3. Nc3 Bg7 4. e4 d6 5. f4 0-0 6. Nf3 Nbd7 7. Be2 c5 8. d5 a6 9. 0-0 Qc7 10. h3 e6 11. dxe6 fxe6 12. Qc2 Nb6 13. Be3 Nh5 14. Nd2 Ng3 15. Rf3 Bxc3 16. Rxg3 Bd4 17. Rf1 Qg7 18. b3 Bd7 19. Kh2 Rf7 20. Bxd4 cxd4 21. f5 Raf8 22. c5 Rc8 23. b4 dxc5 24. bxc5 Qe5 25. Qb3 Na4 26. fxe6 Bxe6 27. Qxa4 Rxc5 28. Qe8+ Kg7 29. Rxf7+ Bxf7 30. Qxe5+ Rxe5 31. a3 Be8 32. Kg1 Rc5 33. Kf2 Ba4 34. Rd3 Rc3 35. Rxd4 Rxa3 36. e5 b5 37. Rd7+ Kg8 38. Ra7 Bc2 39. Bxb5 1-0

[Event "Brno Duras op-A"]
[Site "Brno"]
[Date "2011.06.26"]
[Round "2"]
[White "Pribyl, Rene"]
[Black "Nehybka, Jiri"]
[Result "0-1"]
[WhiteElo "2020"]
[BlackElo "2235"]
[PlyCount "104"]
[EventDate "2011.06.25"]
[EventType "swiss"]
[EventRounds "9"]
[EventCountry "CZE"]
[SourceTitle "CBM 143 Extra"]
[Source "ChessBase"]
[SourceDate "2011.08.29"]
[SourceVersion "1"]
[SourceVersionDate "2011.08.29"]
[SourceQuality "1"]

1. d4 Nf6 2. c4 e6 3. Nc3 d5 4. Bg5 Nbd7 5. Nf3 c6 6. e3 Qa5 7. Bxf6 Nxf6 8. Nd2 Bb4 9. Qc1 0-0 10. a3 Bxc3 11. Qxc3 Qxc3 12. bxc3 Re8 13. cxd5 exd5 14. Bd3 b6 15. Rb1 Bd7 16. 0-0 Rac8 17. Rfc1 c5 18. Nf3 Rc7 19. Kf1 cxd4 20. cxd4 Rec8 21. Rxc7 Rxc7 22. Ke2 Rc3 23. Ra1 Kf8 24. Kd2 Rc7 25. Ne5 Be8 26. f3 Ke7 27. Rc1 Rxc1 28. Kxc1 h6 29. h4 Kd6 30. Kd2 Ng8 31. Kc3 Ne7 32. g3 f6 33. Ng4 a5 34. e4 Bh5 35. Nh2 Nc6 36. f4 dxe4 37. Bxe4 b5 38. g4 Bf7 39. Nf3 b4+ 40. axb4 axb4+ 41. Kd3 Bd5 42. g5 f5 43. Bxd5 Kxd5 44. h5 b3 45. Kc3 Nxd4 46. gxh6 gxh6 47. Ne5 Ke4 48. Nf7 Kxf4 49. Nxh6 Kg5 50. Nf7+ Kxh5 51. Ne5 f4 52. Nd3 f3 0-1

[Event "Brno Trade op"]
[Site "Brno"]
[Date "2010.08.26"]
[Round "6"]
[White "Dvorak, Adam"]
[Black "Pribyl, Rene"]
[Result "1/2-1/2"]
[WhiteElo "1851"]
[BlackElo "2045"]
[PlyCount "41"]
[EventDate "2010.08.22"]
[EventType "swiss"]
[EventRounds "9"]
[EventCountry "CZE"]
[SourceTitle "CBM 138 Extra"]
[Source "ChessBase"]
[SourceDate "2010.10.29"]
[SourceVersion "1"]
[SourceVersionDate "2010.10.29"]
[SourceQuality "1"]

1. e4 e5 2. Nf3 Nf6 3. Nxe5 d6 4. Nf3 Nxe4 5. d4 d5 6. Bd3 Be7 7. 0-0 Bg4 8. Nbd2 Nxd2 9. Bxd2 Nd7 10. Re1 0-0 11. Rc1 c6 12. h3 Bh5 13. Bf4 Re8 14. c3 Bg6 15. Ne5 Nxe5 16. Rxe5 Bf6 17. Rxe8+ Qxe8 18. Bxg6 hxg6 19. Qd2 Qd7 20. Re1 Re8 21. Re3 1/2-1/2

[Event "Brno Trade op"]
[Site "Brno"]
[Date "2010.08.23"]
[Round "3"]
[White "Benes, Miroslav"]
[Black "Pribyl, Rene"]
[Result "0-1"]
[WhiteElo "1950"]
[BlackElo "2045"]
[PlyCount "82"]
[EventDate "2010.08.22"]
[EventType "swiss"]
[EventRounds "9"]
[EventCountry "CZE"]
[SourceTitle "CBM 138 Extra"]
[Source "ChessBase"]
[SourceDate "2010.10.29"]
[SourceVersion "1"]
[SourceVersionDate "2010.10.29"]
[SourceQuality "1"]

1. e4 e5 2. Nf3 Nf6 3. Nxe5 d6 4. Nxf7 Kxf7 5. Nc3 c6 6. Bc4+ Be6 7. Bxe6+ Kxe6 8. d4 Be7 9. 0-0 Kd7 10. e5 Ne8 11. d5 Kc7 12. f4 Nd7 13. Qe2 Nb6 14. Rd1 Rc8 15. Be3 Kb8 16. a4 Nxd5 17. Nxd5 cxd5 18. Rxd5 Qc7 19. Qf2 a6 20. Rd3 Qxc2 21. Qf3 Qc6 22. Qh3 Rc7 23. b4 Qd7 24. Qf3 Qc6 25. Qh3 d5 26. b5 Qc4 27. bxa6 Bc5 28. a7+ Kxa7 29. Rad1 Bxe3+ 30. Qxe3+ Qc5 31. Rd4 Rc6 32. Qd2 g6 33. Kh1 Nc7 34. h3 Rf8 35. a5 Rd8 36. Rb1 Rd7 37. Rdb4 Ne6 38. a6 b6 39. Rb5 Qd4 40. Qe1 Qxf4 41. R5b4 d4 0-1

[Event "CZE-chT2E 0809"]
[Site "Czech Republic"]
[Date "2008.10.12"]
[Round "1.6"]
[White "Pribyl, Rene"]
[Black "Licka, Vlastimil"]
[Result "1/2-1/2"]
[WhiteElo "2062"]
[BlackElo "2012"]
[PlyCount "46"]
[EventDate "2008.10.12"]
[EventType "team-tourn"]
[EventRounds "11"]
[EventCountry "CZE"]
[SourceTitle "EXT 2010"]
[Source "ChessBase"]
[SourceDate "2010.11.25"]
[SourceVersion "1"]
[SourceVersionDate "2010.11.25"]
[SourceQuality "1"]
[WhiteTeam "Brno Lokomotiva III"]
[BlackTeam "Brno Lokomotiva II"]
[WhiteTeamCountry "CZE"]
[BlackTeamCountry "CZE"]

1. d4 Nf6 2. c4 g6 3. Nc3 Bg7 4. Nf3 d6 5. Bg5 c6 6. e4 Bg4 7. Be2 Qc7 8. h3 Bxf3 9. Bxf3 e5 10. dxe5 dxe5 11. 0-0 0-0 12. b4 Rd8 13. Qb3 Nbd7 14. Rfd1 Nf8 15. Be2 Ne6 16. Be3 Nd4 17. Qb2 b6 18. a4 a5 19. b5 c5 20. Nd5 Nxd5 21. cxd5 f5 22. f3 f4 23. Bxd4 exd4 1/2-1/2

[Event "Brno Trade op"]
[Site "Brno"]
[Date "2007.08.31"]
[Round "6"]
[White "Pribyl, Rene"]
[Black "Sipek, Michal"]
[Result "0-1"]
[WhiteElo "2094"]
[BlackElo "1919"]
[PlyCount "106"]
[EventDate "2007.08.26"]
[EventType "swiss"]
[EventRounds "7"]
[EventCountry "CZE"]
[SourceTitle "EXT 2008"]
[Source "ChessBase"]
[SourceDate "2007.11.25"]
[SourceVersion "1"]
[SourceVersionDate "2007.11.25"]
[SourceQuality "1"]

1. d4 Nf6 2. c4 e6 3. Nc3 Bb4 4. Bd2 b6 5. b3 Bb7 6. a3 Bxc3 7. Bxc3 Ne4 8. Bb2 Qh4 9. g3 Qf6 10. f3 Nd6 11. Bg2 a5 12. e4 Qe7 13. Ne2 f5 14. e5 Nf7 15. 0-0 Na6 16. f4 Bxg2 17. Kxg2 g5 18. d5 g4 19. d6 Qd8 20. dxc7 Qxc7 21. h4 gxh3+ 22. Kxh3 Nh6 23. Qd6 Qxd6 24. exd6 0-0 25. Nd4 Nc5 26. b4 Ne4 27. Nb5 Rac8 28. Rac1 Ng4 29. Rf3 Rc6 30. Be5 Nxe5 31. fxe5 Ng5+ 32. Kg2 Nxf3 33. Kxf3 axb4 34. axb4 Ra8 35. Nc7 Ra4 36. Ne8 Kf7 37. Nf6 Rxd6 38. exd6 Kxf6 39. Rb1 e5 40. c5 bxc5 41. bxc5 Ra3+ 42. Kf2 Rc3 43. Rb7 Ke6 44. Rc7 h5 45. Kg2 Rc2+ 46. Kf3 Rc3+ 47. Kf2 e4 48. Kg2 Rc2+ 49. Kf1 e3 50. Rc8 Kd5 51. Rc7 Ke4 52. c6 dxc6 53. d7 Kf3 0-1

[Event "Brno Trade op"]
[Site "Brno"]
[Date "2007.08.26"]
[Round "1"]
[White "Svoboda, Karel"]
[Black "Pribyl, Rene"]
[Result "1/2-1/2"]
[WhiteElo "1893"]
[BlackElo "2094"]
[PlyCount "69"]
[EventDate "2007.08.26"]
[EventType "swiss"]
[EventRounds "7"]
[EventCountry "CZE"]
[SourceTitle "EXT 2008"]
[Source "ChessBase"]
[SourceDate "2007.11.25"]
[SourceVersion "1"]
[SourceVersionDate "2007.11.25"]
[SourceQuality "1"]

1. e4 e5 2. Nf3 Nf6 3. Nxe5 d6 4. Nf3 Nxe4 5. Bd3 Nc5 6. Be2 d5 7. d4 Ne4 8. Bf4 Bg4 9. h3 Bh5 10. 0-0 Bd6 11. Bxd6 Qxd6 12. c3 0-0 13. Nbd2 Nd7 14. Nxe4 dxe4 15. Nd2 Bxe2 16. Qxe2 f5 17. f3 exf3 18. Nxf3 c6 19. Rae1 Nf6 20. Ne5 Ne4 21. Qc4+ Qd5 22. Qxd5+ cxd5 23. Nd7 Rf7 24. Ne5 Rf6 25. Nd7 Rd6 26. Nc5 Rf8 27. Nxe4 dxe4 28. Kf2 Kf7 29. Ke3 Ke6 30. c4 Rfd8 31. Rd1 g6 32. Rd2 a6 33. Rc1 Rc8 34. Rcc2 b6 35. b4 1/2-1/2

[Event "Brno Trade op"]
[Site "Brno"]
[Date "2006.09.02"]
[Round "7"]
[White "Meszaros, Ludek"]
[Black "Pribyl, Rene"]
[Result "1/2-1/2"]
[WhiteElo "2202"]
[BlackElo "2102"]
[PlyCount "54"]
[EventDate "2006.08.27"]
[EventType "swiss"]
[EventRounds "9"]
[EventCountry "CZE"]
[SourceTitle "EXT 2007"]
[Source "ChessBase"]
[SourceDate "2006.11.23"]
[SourceVersion "1"]
[SourceVersionDate "2006.11.23"]
[SourceQuality "1"]

1. c4 c5 2. Nc3 Nc6 3. Nf3 Nf6 4. d4 cxd4 5. Nxd4 g6 6. e4 Nxd4 7. Qxd4 d6 8. Bg5 Bg7 9. Be2 0-0 10. Qd2 Be6 11. 0-0 Re8 12. Rfd1 Rc8 13. b3 Kf8 14. Rac1 Qa5 15. h3 Nd7 16. Bh6 a6 17. Qd4 Qe5 18. Qxe5 Nxe5 19. Bxg7+ Kxg7 20. f4 Nc6 21. g4 f6 22. Nd5 g5 23. c5 dxc5 24. fxg5 Nd4 25. gxf6+ exf6 26. Nf4 Kf7 27. Kf2 a5 1/2-1/2

[Event "Brno Trade op"]
[Site "Brno"]
[Date "2006.08.31"]
[Round "5"]
[White "Svoboda, Karel"]
[Black "Pribyl, Rene"]
[Result "1/2-1/2"]
[WhiteElo "1785"]
[BlackElo "2102"]
[PlyCount "104"]
[EventDate "2006.08.27"]
[EventType "swiss"]
[EventRounds "9"]
[EventCountry "CZE"]
[SourceTitle "EXT 2007"]
[Source "ChessBase"]
[SourceDate "2006.11.23"]
[SourceVersion "1"]
[SourceVersionDate "2006.11.23"]
[SourceQuality "1"]

1. e4 e5 2. Nf3 Nf6 3. Nxe5 d6 4. Nf3 Nxe4 5. d4 d5 6. Bd3 Be7 7. 0-0 0-0 8. c4 Nf6 9. Nc3 dxc4 10. Bxc4 Bg4 11. Be3 Nbd7 12. Be2 Nb6 13. h3 Bh5 14. Ne5 Bxe2 15. Qxe2 Re8 16. Rad1 Nbd5 17. Qf3 h6 18. Ne2 c6 19. Ng3 Bd6 20. Nc4 Bc7 21. Rfe1 Qd7 22. Bd2 Rxe1+ 23. Rxe1 Re8 24. Rxe8+ Qxe8 25. Ne3 Bxg3 26. fxg3 Nxe3 27. Qxe3 Qxe3+ 28. Bxe3 Nd5 29. Bd2 h5 30. Kf2 f5 31. Kf3 Kf7 32. g4 g6 33. gxf5 gxf5 34. g4 fxg4+ 35. hxg4 hxg4+ 36. Kxg4 Ke6 37. Kf3 Kf5 38. Be1 a6 39. a3 Nf4 40. Bc3 Nd5 41. Be1 Nb6 42. b3 Nd5 43. a4 Ke6 44. Ke4 Nf6+ 45. Kd3 Kd5 46. Bb4 Ne4 47. a5 Ng5 48. Bc5 Ne6 49. b4 Nf4+ 50. Ke3 Ng2+ 51. Kd3 Ne1+ 52. Kd2 Nf3+ 1/2-1/2

[Event "Brno Trade op-A"]
[Site "Brno"]
[Date "2005.09.03"]
[Round "7"]
[White "Beil, Martin"]
[Black "Pribyl, Rene"]
[Result "1-0"]
[WhiteElo "2199"]
[BlackElo "2140"]
[PlyCount "102"]
[EventDate "2005.08.28"]
[EventType "swiss"]
[EventRounds "9"]
[EventCountry "CZE"]
[SourceTitle "CBM 108 Extra"]
[Source "ChessBase"]
[SourceDate "2005.11.04"]
[SourceVersion "1"]
[SourceVersionDate "2005.11.04"]
[SourceQuality "1"]

1. d4 c5 2. d5 e5 3. e4 d6 4. Bb5+ Nd7 5. a4 a6 6. Bxd7+ Bxd7 7. a5 f5 8. Nc3 Nf6 9. Nf3 fxe4 10. Ng5 Be7 11. 0-0 0-0 12. Re1 Bf5 13. Ngxe4 Nxe4 14. Nxe4 Bxe4 15. Rxe4 Bg5 16. Ra3 Rf7 17. Rg4 Bxc1 18. Qxc1 Qd7 19. Rag3 Qf5 20. f3 Rd8 21. Qh6 Rdd7 22. Qe6 Kf8 23. h4 Qxc2 24. Rxg7 Rxg7 25. Qf6+ Rgf7 26. Qh8+ Ke7 27. Rg8 Qc1+ 28. Kh2 Qf4+ 29. g3 Qd2+ 30. Kh3 Rd8 31. Rxd8 Qxd5 32. Re8+ Kd7 33. Rd8+ Ke7 34. Qe8+ Kf6 35. Qg8 Ke7 36. Re8+ Kd7 37. Rc8 Ke6 38. Rc7 Kf6 39. Qg5+ Ke6 40. Qh6+ Rf6 41. Qxh7 Qxf3 42. Qg8+ Kf5 43. Qc8+ Ke4 44. Qg4+ Qxg4+ 45. Kxg4 d5 46. Kg5 Rd6 47. h5 d4 48. h6 Kf3 49. h7 Rd8 50. Rg7 Rh8 51. g4 e4 1-0

[Event "Bohemia South-chT 0405"]
[Site "Czech Republic"]
[Date "2005.??.??"]
[Round "?"]
[White "Pribyl, Rene"]
[Black "Hyrs, Martin"]
[Result "1/2-1/2"]
[WhiteElo "2100"]
[BlackElo "1940"]
[PlyCount "108"]
[EventDate "2004.10.??"]
[EventType "team"]
[EventRounds "11"]
[EventCountry "CZE"]
[SourceTitle "EXT 2007"]
[Source "ChessBase"]
[SourceDate "2006.11.23"]
[SourceVersion "1"]
[SourceVersionDate "2006.11.23"]
[SourceQuality "1"]

1. d4 Nf6 2. Nf3 e6 3. Bg5 d5 4. e3 Be7 5. c4 c6 6. Nc3 Nbd7 7. Be2 dxc4 8. Bxc4 Nd5 9. Bxe7 Qxe7 10. Rc1 0-0 11. 0-0 Nxc3 12. Rxc3 e5 13. dxe5 Nxe5 14. Nxe5 Qxe5 15. Qb3 Qe7 16. Rd1 Bf5 17. Bd3 Bxd3 18. Rcxd3 Rad8 19. h3 b6 20. Qa4 Rxd3 21. Rxd3 Rc8 22. Qd1 a5 23. b3 g6 24. Rd7 Qf6 25. Qd4 Qxd4 26. exd4 a4 27. bxa4 Ra8 28. Rd6 Rxa4 29. Rxc6 Rxa2 30. Rxb6 Rd2 31. Rd6 Rd1+ 32. Kh2 Kf8 33. Kg3 Ke7 34. Rd5 f6 35. Kf3 Ke6 36. Rd8 Ke7 37. Ke2 Ra1 38. Rh8 h5 39. g4 hxg4 40. hxg4 g5 41. Rb8 Ra3 42. Rb6 Rc3 43. Rb2 Ke6 44. Rb5 Ra3 45. Rf5 Rb3 46. Rf3 Rb2+ 47. Ke3 Rb1 48. Ke4 Rg1 49. Rg3 Rf1 50. Ke3 Rd1 51. Rh3 Kd5 52. Rh8 Re1+ 53. Kd2 Re4 54. Rd8+ Kc4 1/2-1/2

[Event "CZE-chT2d 0304"]
[Site "Czech Republic"]
[Date "2004.??.??"]
[Round "?"]
[White "Bukacek, Lubomir"]
[Black "Pribyl, Rene"]
[Result "1/2-1/2"]
[WhiteElo "2100"]
[BlackElo "2140"]
[PlyCount "54"]
[EventDate "2003.??.??"]
[EventType "team"]
[EventRounds "11"]
[EventCountry "CZE"]
[SourceTitle "EXT 2007"]
[Source "ChessBase"]
[SourceDate "2006.11.23"]
[SourceVersion "1"]
[SourceVersionDate "2006.11.23"]
[SourceQuality "1"]

1. d4 c5 2. dxc5 e6 3. Nc3 Bxc5 4. Ne4 Qe7 5. Nxc5 Qxc5 6. e3 Nc6 7. Nf3 Nf6 8. Nd4 0-0 9. Be2 b6 10. 0-0 Bb7 11. c4 d5 12. Nb3 Qe7 13. cxd5 Nxd5 14. e4 Nf6 15. f3 h6 16. a3 Rfd8 17. Qe1 e5 18. Be3 Nd7 19. Rc1 Nf8 20. Bb5 Rac8 21. Qf2 Ne6 22. Rfd1 Rxd1+ 23. Rxd1 Rd8 24. Rxd8+ Qxd8 25. Qd2 Qxd2 26. Bxd2 f6 27. Bc4 Kf7 1/2-1/2

[Event "Bohemia South-chT 0405"]
[Site "Czech Republic"]
[Date "2004.??.??"]
[Round "?"]
[White "Ciprys, David"]
[Black "Pribyl, Rene"]
[Result "1-0"]
[WhiteElo "2000"]
[BlackElo "2100"]
[PlyCount "65"]
[EventDate "2004.10.??"]
[EventType "team"]
[EventRounds "11"]
[EventCountry "CZE"]
[SourceTitle "EXT 2007"]
[Source "ChessBase"]
[SourceDate "2006.11.23"]
[SourceVersion "1"]
[SourceVersionDate "2006.11.23"]
[SourceQuality "1"]

1. e4 e5 2. Nf3 Nf6 3. Nxe5 d6 4. Nf3 Nxe4 5. d4 d5 6. Bd3 Be7 7. 0-0 Bg4 8. c4 Nf6 9. Nc3 dxc4 10. Bxc4 0-0 11. Re1 Nbd7 12. Qd3 c6 13. Bb3 Nc5 14. Qc4 Nxb3 15. Qxb3 Bxf3 16. gxf3 b6 17. Bg5 Re8 18. Rad1 Qc7 19. d5 Nxd5 20. Rxd5 cxd5 21. Nxd5 Qd7 22. Rxe7 Rxe7 23. Nxe7+ Kf8 24. Qd5 Qe8 25. Nc6 a6 26. Nd8 Rc8 27. Qd6+ Kg8 28. Qxb6 f6 29. Qb3+ Kh8 30. Nf7+ Kg8 31. Nh6+ Kh8 32. Nf7+ Kg8 33. Nd6+ 1-0

[Event "CZE-chT2d 0304"]
[Site "Czech Republic"]
[Date "2004.??.??"]
[Round "?"]
[White "Harasta, Pavel"]
[Black "Pribyl, Rene"]
[Result "0-1"]
[WhiteElo "1690"]
[BlackElo "2140"]
[PlyCount "50"]
[EventDate "2003.??.??"]
[EventType "team"]
[EventRounds "11"]
[EventCountry "CZE"]
[SourceTitle "EXT 2007"]
[Source "ChessBase"]
[SourceDate "2006.11.23"]
[SourceVersion "1"]
[SourceVersionDate "2006.11.23"]
[SourceQuality "1"]

1. d4 c5 2. c4 cxd4 3. Qxd4 Nc6 4. Qd1 Nf6 5. Nc3 g6 6. Nf3 Bg7 7. e3 0-0 8. a3 d6 9. Qc2 Bf5 10. Bd3 Bxd3 11. Qxd3 Rc8 12. 0-0 Nd7 13. Rb1 Nce5 14. Nxe5 Nxe5 15. Qd5 Qd7 16. b3 Nxc4 17. bxc4 Bxc3 18. Rxb7 Rc7 19. Rxc7 Qxc7 20. Qd3 Bf6 21. Bd2 Rb8 22. Rc1 Qb6 23. g3 Qb2 24. Rc2 Qb1+ 25. Kg2 Rb2 0-1